V slávnostnom tóne

Bibliographic Details
Main Author: (dem) (Author)
Format: Article
Language:Slovak
Subjects:

MARC

LEADER 00000nab a2200000 a 4500
001 vtls000520579
003 SK-MaSNL
005 20260303010625.0
008 120928c1994 xo 0 slo
015 |a SNBRB19rr/mm-uuuuu 
035 |a CL0520717 
040 |a SNKBUCL  |b slo  |c SNKBUCL  |e AACR2 
041 0 |a slo 
044 |a xo  |c SK 
080 |a 373.54(437.6)(091):061.75  |2 1981 
080 |a 943.76  |2 1981 
100 1 |a (dem)  |4 aut  |9 870638 
245 1 0 |a V slávnostnom tóne  |c (dem) 
650 0 7 |a gymnáziá slovenské  |2 snkbucl  |9 900220 
651 7 |a 5306  |2 snkbucl  |9 893716 
651 7 |a Kláštor pod Znievom (Slovensko)  |2 snkbucl  |9 28361 
655 7 |a články z novín a časopisov  |2 snkbucl  |9 267496 
773 0 |t Slovenská republika  |g Roč. 1, č. 38 (24. 6. 1994), s. 2 
850 |a Slovenská národná knižnica v Martine  |a MTA001 
852 |a SNK  |b KIS3GCP 
958 |a RK 
992 |a RBX 
999 |c 1588065  |d 1589995